Detalles MARC
| 000 -CABECERA |
| Longitud fija campo de control |
01595nam a2200421 c 4500 |
| 001 - NÚMERO DE CONTROL |
| Número de control |
16257 |
| 003 - IDENTIFICADOR DE NÚMERO DE CONTROL |
| Identificador del número de control |
ES-MaCES |
| 005 - FECHA Y HORA DE LA ÚLTIMA TRANSACCIÓN |
| Fecha y hora de la última transacción |
20150925142050.0 |
| 008 - CAMPO FIJO DE DESCRIPCIÓN FIJA--INFORMACIÓN GENERAL |
| Códigos de información de longitud fija |
040317s2004 sp t 10| | mul d |
| 035 ## - NÚMERO DE CONTROL DEL SISTEMA |
| Número de control del sistema |
CES20040003913m |
| 040 ## - FUENTE DE CATALOGACIÓN |
| Centro catalogador de origen |
ES-MaCES |
| Lengua de catalogación |
spa |
| Centro transcriptor |
ES-MaCES |
| 041 0# - CÓDIGO DE IDIOMA |
| Código de lengua del texto;banda sonora o título independiente |
spa |
| -- |
por |
| 111 2# - ENCABEZAMIENTO PRINCIPAL--NOMBRE DE REUNIÓN |
| Nombre de congreso o jurisdicción como elemento de entrada |
Congreso Ibérico sobre Vertederos |
| Número del congreso o número de parte o sección de la obra |
1º |
| Fecha del congreso |
2004 |
| Sede del congreso |
Madrid |
| 9 (RLIN) |
858 |
| 245 10 - MENCIÓN DE TÍTULO |
| Título |
I Congreso Ibérico sobre Vertederos |
| Medio |
Recurso electrónico |
| Resto del título |
: Madrid, 12 y 13 de febrero de 2004 |
| 260 ## - PUBLICACIÓN, DISTRIBUCIÓN, ETC (PIE DE IMPRENTA) |
| Lugar de publicación, distribución, etc. |
[Madrid] |
| Nombre del editor, distribuidor, etc. |
ISRCER, Instituto para la Sostenibilidad de los Recursos |
| Fecha de publicación, distribución, etc. |
2004 |
| 300 ## - DESCRIPCIÓN FÍSICA |
| Extensión |
1 CD-ROM |
| Dimensiones |
12 cm |
| 500 ## - NOTA GENERAL |
| Nota general |
Tít. tomado de la etiqueta del CD-ROM |
| 500 ## - NOTA GENERAL |
| Nota general |
Textos en español y portugués |
| 500 ## - NOTA GENERAL |
| Nota general |
Tit. del congreso en Portugués: I Congreso Ibérico sobre Aterros Sanitarios |
| 541 ## - NOTA DE LA FUENTE INMEDIANTE DE ADQUISICIÓN |
| Forma de adquisición |
Gratuito |
| 650 #4 - ASIENTO SECUNDARIO DE MATERIA--TÉRMINO DE MATERIA |
| Término de materia o nombre geográfico como elemento inicial |
desperdicio |
| 9 (RLIN) |
28267 |
| 650 #4 - ASIENTO SECUNDARIO DE MATERIA--TÉRMINO DE MATERIA |
| Término de materia o nombre geográfico como elemento inicial |
eliminación de basuras |
| 9 (RLIN) |
28744 |
| 650 #4 - ASIENTO SECUNDARIO DE MATERIA--TÉRMINO DE MATERIA |
| Término de materia o nombre geográfico como elemento inicial |
incineración de residuos |
| 9 (RLIN) |
31086 |
| 650 #4 - ASIENTO SECUNDARIO DE MATERIA--TÉRMINO DE MATERIA |
| Término de materia o nombre geográfico como elemento inicial |
reciclaje de desperdicios |
| 9 (RLIN) |
29528 |
| 650 #4 - ASIENTO SECUNDARIO DE MATERIA--TÉRMINO DE MATERIA |
| Término de materia o nombre geográfico como elemento inicial |
degradación del medio ambiente |
| 9 (RLIN) |
30722 |
| 650 #4 - ASIENTO SECUNDARIO DE MATERIA--TÉRMINO DE MATERIA |
| Término de materia o nombre geográfico como elemento inicial |
protección ambiental |
| 9 (RLIN) |
29423 |
| 650 #4 - ASIENTO SECUNDARIO DE MATERIA--TÉRMINO DE MATERIA |
| Término de materia o nombre geográfico como elemento inicial |
política ambiental |
| 9 (RLIN) |
29422 |
| 650 #4 - ASIENTO SECUNDARIO DE MATERIA--TÉRMINO DE MATERIA |
| Término de materia o nombre geográfico como elemento inicial |
seguro de accidentes |
| 9 (RLIN) |
28118 |
| 650 #4 - ASIENTO SECUNDARIO DE MATERIA--TÉRMINO DE MATERIA |
| Término de materia o nombre geográfico como elemento inicial |
CD ROM |
| 9 (RLIN) |
30331 |
| 653 10 - TÉRMINO DE INDEXACIÓN--NO CONTROLADO |
| Término no controlado |
Medio ambiente |
| 650 #4 - ASIENTO SECUNDARIO DE MATERIA--TÉRMINO DE MATERIA |
| 9 (RLIN) |
30344 |
| Término de materia o nombre geográfico como elemento inicial |
evaluación del impacto ambiental |
| 650 #4 - ASIENTO SECUNDARIO DE MATERIA--TÉRMINO DE MATERIA |
| 9 (RLIN) |
28086 |
| Término de materia o nombre geográfico como elemento inicial |
impuesto |
| 710 2# - ENCABEZAMIENTO SECUNDARIO--NOMBRE CORPORATIVO |
| Nombre de entidad o nombre de jurisdicción como elemento inicial |
Agencia de Educación y Formación Virtual |
| 9 (RLIN) |
1244 |
| 711 2# - ENCABEZAMIENTO SECUNDARIO--NOMBRE DE REUNIÓN |
| Nombre de congreso o nombre de jurisdicción como elemento inicial |
Congreso Ibérico sobre Aterros Sanitarios |
| Número del congreso o número de parte o sección de la obra |
1º |
| Fecha del congreso |
2004 |
| Sede del congreso |
Madrid |
| 9 (RLIN) |
859 |
| 902 ## - CES. TIPO DE DOCUMENTO |
| Tipodoc (006$c Sirtex) |
ELE PUB. ELECTRONICA |
| 942 ## - ELEMENTOS KOHA |
| Fuente de clasificaión o esquema |
Clasificación propia del CES |
| Koha [por defecto] tipo de item |
Monografías |
| Parte de clasificación |
4.2. |